logo

REPUBLICANOS ESPAÑOLES EN LA 2ª GUERRA MUNDIAL (Record no. 57900)

MARC details
000 -CABECERA
campo de control de longitud fija 00481nam a2200181Ia 4500
001 - NÚMERO DE CONTROL
campo de control 29184
005 - FECHA Y HORA DE LA ÚLTIMA TRANSACCIÓN
campo de control 20260407085054.0
008 - CÓDIGOS DE INFORMACIÓN DE LONGITUD FIJA
campo de control de longitud fija 260115s9999 xx 000 0 und d
010 ## - NÚMERO DE CONTROL DE LA BIBLIOTECA DEL CONGRESO
Número de control de LC 57900
035 ## - NÚMERO DE CONTROL DEL SISTEMA
Número de control de sistema 19341
090 ## - LOCALMENTE ASIGNADO TIPO-LC NÚMERO DE CLASIFICACIÓN (OCLC); NÚMERO DE CLASIFICACIÓN LOCAL (RLIN)
Número de clasificación (OCLC) (R) ; Numero de clasificación CALL (RLIN) (NR) 94(4)"1939-1945"
100 ## - PUNTO DE ACCESO PRINCIPAL - NOMBRE DE PERSONA
Nombre de persona PONS PRADES EDUARDO
245 #0 - MENCIÓN DE TÍTULO
Título REPUBLICANOS ESPAÑOLES EN LA 2ª GUERRA MUNDIAL
260 ## - PUBLICACIÓN, DISTRIBUCIÓN, ETC. (PIE DE IMPRENTA)
Nombre del editor distribuidor etc. LA ESFERA DE LOS LIBROS
Fecha de publicación distribución etc. 2004
630 ## - PUNTO DE ACCESO ADICIONAL DE MATERIA--TÍTULO UNIFORME
Título uniforme HISTORIA SEGUNDA GUERRA MUNDIAL
650 ## - PUNTO DE ACCESO ADICIONAL DE MATERIA--TÉRMINO DE MATERIA
Término de materia o nombre geográfico como elemento inicial HISTORIA DE EUROPA
942 ## - ELEMENTOS DE PUNTO DE ACCESO ADICIONAL (KOHA)
Tipo de ítem Koha Monografías
Holdings
Estado de retiro Estado de pérdida Estado dañado No para préstamo Código de colección Localización permanente Ubicación/localización actual Ubicación en estantería Fecha de adquisición Enumeración/cronología de publicación seriada Número de inventario Número de registro Total de préstamos Signatura topográfica completa Código de barras Fecha visto por última vez Número de copia Precio válido a partir de Tipo de ítem Koha Nota pública
          Servicio de Estudios Históricos Servicio de Estudios Históricos   17/06/2005 94(4)"1939-1945" 26027 26027   19341 FH_29184 05/02/2026 1 05/02/2026 Monografías 25 CTMS. 770 PAGS. 40,50 €. MADRID